Loading...
| Mythology | 0 | 3 | 1 | 0 | 25 | 89 | 110.00 | 1 | 3 | 0.00 | 0.00 |
| Science - Physics | 0 | 3 | 1 | 0 | 25 | 83 | 98.00 | 0 | 2 | 0.00 | 0.00 |
| Social Science | 0 | 2 | 0 | 0 | 20 | 110 | 110.50 | 0 | 2 | 0.00 | 0.00 |
| Religion | 0 | 2 | 0 | 0 | 20 | 109 | 125.00 | 0 | 1 | 0.00 | 0.00 |
| Science - Biology | 0 | 2 | 0 | 0 | 20 | 77 | 78.50 | 0 | 2 | 0.00 | 0.00 |
| Science - Other | 0 | 2 | 0 | 0 | 20 | 114 | 119.00 | 0 | 0 | 0.00 | 0.00 |
| Fine Arts - Painting and Sculpture | 0 | 2 | 0 | 0 | 20 | 122 | 123.00 | 0 | 1 | 0.00 | 0.00 |
| Literature - European | 0 | 1 | 0 | 0 | 10 | 136 | 136.00 | 0 | 1 | 0.00 | 0.00 |
| Philosophy | 0 | 1 | 0 | 0 | 10 | 112 | 112.00 | 0 | 1 | 0.00 | 0.00 |
| Science - Chemistry | 0 | 1 | 0 | 0 | 10 | 110 | 110.00 | 0 | 0 | 0.00 | 0.00 |
| Literature - American | 0 | 0 | 0 | 0 | 0 | 0.00 | 0 | 0 | 0.00 | 0.00 |